[Event "candidates qf (w)"]
[Site "Alicante ESP"]
[Date "1983.??.??"]
[Round "1.2"]
[White "Alexandria, Nana"]
[Black "Lematschko, Tatjana"]
[Result "1-0"]
[WhiteElo "2355"]
[BlackElo "2255"]
[EventDate "1983.04.??"]
[PlyCount "51"]

1.d4 Nf6 2.c4 e6 3.Nc3 d5 4.Nf3 Be7 5.Bg5 Nbd7 6.e3 Ne4 7.Bxe7 Qxe7 8.cxd5
Nxc3 9.bxc3 exd5 10.Qb3 c6 11.c4 dxc4 12.Bxc4 O-O 13.O-O Rd8 14.Rac1 Rb8 
15.Qb1 Nf8 16.Rc3 Be6 17.Rfc1 Bxc4 18.Rxc4 Ne6 19.h3 g6 20.Qb2 Nc7 21.Ne5 
Nb5 22.d5 Rxd5 23.Ng4 Qd6 24.Nf6+ Kf8 25.Nxd5 cxd5 26.Rc8+ 1-0

[Event "candidates qf (w)"]
[Site "Alicante ESP"]
[Date "1983.??.??"]
[Round "1.5"]
[White "Lematschko, Tatjana"]
[Black "Alexandria, Nana"]
[Result "1/2-1/2"]
[WhiteElo "2255"]
[BlackElo "2355"]
[EventDate "1983.04.??"]
[PlyCount "104"]

1.d4 Nf6 2.c4 e6 3.Nf3 b6 4.g3 Ba6 5.b3 Bb4+ 6.Bd2 Be7 7.Bg2 d5 8.O-O O-O 
9.Bc3 Nbd7 10.Ne5 Bb7 11.Nd2 c5 12.e3 cxd4 13.exd4 Rc8 14.Bb2 Rc7 15.Rc1 
Qa8 16.Qe2 dxc4 17.Bh3 c3 18.Nxd7 Rxd7 19.Rxc3 Rc8 20.Rxc8+ Qxc8 21.Nc4 
Rc7 22.Qe5 Qd7 23.Qe2 Qc8 24.Rd1 b5 25.Ne3 Nd5 26.Nxd5 Bxd5 27.Qxb5 Bf3 
28.Rb1 Rc2 29.Qf1 Bg5 30.Ba3 Rxa2 31.Bc5 h5 32.Ra1 Rxa1 33.Qxa1 Bb7 34.Qf1
a6 35.f4 Bf6 36.b4 Qd7 37.Qf2 Qa4 38.Bf1 Qd1 39.h3 Be4 40.Kh2 g6 41.Qe2 
Qxe2+ 42.Bxe2 Bb7 43.h4 Bd8 44.Bc4 Kg7 45.Kg1 Kf6 46.Kf2 Kf5 47.Be2 Kf6 
48.Bd3 Kg7 49.Bc4 Kf6 50.Ke3 Kf5 51.Be2 Kf6 52.Bd6 Bb6 1/2-1/2

[Event "candidates qf (w)"]
[Site "Alicante ESP"]
[Date "1983.??.??"]
[Round "1.8"]
[White "Alexandria, Nana"]
[Black "Lematschko, Tatjana"]
[Result "1/2-1/2"]
[WhiteElo "2355"]
[BlackElo "2255"]
[EventDate "1983.04.??"]
[PlyCount "113"]

1.d4 Nf6 2.c4 e6 3.Nf3 c5 4.d5 exd5 5.cxd5 g6 6.Nc3 Bg7 7.e4 O-O 8.Be2 b5 
9.e5 Ng4 10.Bf4 Re8 11.Bxb5 Nxe5 12.O-O Ba6 13.Re1 Bxb5 14.Bxe5 Ba6 15.
Bxg7 Kxg7 16.Rxe8 Qxe8 17.Qd2 Bb7 18.Qf4 Na6 19.h4 Qb8 20.d6 Qf8 21.Ne5 
Rd8 22.Ng4 Re8 23.Qh6+ Kh8 24.Qxf8+ Rxf8 25.Re1 f5 26.Ne5 Nb8 27.Na4 Rc8 
28.Rc1 c4 29.Rxc4 Rxc4 30.Nxc4 Kg7 31.Nc5 Bd5 32.Ne5 Kf6 33.f4 Bxa2 34.Kf2
Be6 35.Ke3 Bd5 36.g3 Bc6 37.Kd4 Bb5 38.Kc3 a5 39.Kb3 h6 40.Kc3 g5 41.Kd2 
gxh4 42.gxh4 Bf1 43.Kc3 Bb5 44.Kd2 Kg7 45.Ke1 Kf6 46.Kf2 Kg7 47.Kf3 Kf6 
48.Ke3 Kg7 49.Nb3 Kf6 50.Kd4 a4 51.Kc5 axb3 52.Kxb5 Ke6 53.Kc5 Na6+ 54.Kb5
Nb8 55.Kc5 Na6+ 56.Kb5 Nb8 57.Kb4 1/2-1/2

[Event "candidates qf (w)"]
[Site "Alicante ESP"]
[Date "1983.??.??"]
[Round "1.10"]
[White "Alexandria, Nana"]
[Black "Lematschko, Tatjana"]
[Result "1/2-1/2"]
[WhiteElo "2355"]
[BlackElo "2255"]
[EventDate "1983.04.??"]
[PlyCount "139"]

1.d4 Nf6 2.Nf3 e6 3.c4 c5 4.d5 exd5 5.cxd5 d6 6.Nc3 g6 7.e4 Bg7 8.Be2 O-O 
9.O-O Re8 10.Nd2 Nbd7 11.a4 Ne5 12.Ra3 g5 13.Re1 a6 14.Nf1 h6 15.Bd2 Ng6 
16.Ng3 Nf4 17.Bf1 Ng4 18.h3 Ne5 19.Nh5 Nxh5 20.Qxh5 f5 21.f4 Nf7 22.fxg5 
hxg5 23.h4 gxh4 24.exf5 Rxe1 25.Bxe1 Qf6 26.Bxh4 Qxf5 27.Qxf5 Bxf5 28.Rb3 
b5 29.axb5 axb5 30.Nxb5 Ra1 31.Rf3 Bg4 32.Re3 Bd7 33.Re1 Ra4 34.Bg3 Rg4 
35.Kh2 Rg5 36.Nc3 Bd4 37.Be2 Rg7 38.Bh4 Ne5 39.g3 Ng6 40.Bg5 Rh7+ 41.Bh4 
Nxh4 42.gxh4 Re7 43.Kg3 Kg7 44.Kf3 Re3+ 45.Kf4 Rh3 46.Bf3 Be5+ 47.Ke3 Rxh4
48.Rg1+ Kf8 49.Rg2 Rb4 50.Be4 Be8 51.Kd3 Bb5+ 52.Nxb5 Rxb5 53.Bf5 Rb3+ 54.
Ke4 Bxb2 55.Be6 Ke7 56.Rf2 Bf6 57.Ra2 Bd4 58.Kf5 Rb7 59.Rh2 Kd8 60.Ra2 c4 
61.Ra8+ Ke7 62.Rc8 c3 63.Rc4 Be5 64.Kg6 Ra7 65.Rc8 Rb7 66.Bf5 Bf6 67.Be6 
Bd4 68.Rc4 Be5 69.Rc8 Ra7 70.Bf5 1/2-1/2

[Event "candidates qf (w)"]
[Site "Bad Kissingen GER"]
[Date "1983.03.??"]
[Round "1.2"]
[White "Semenova, Lidia"]
[Black "Muresan, Margareta"]
[Result "1-0"]
[WhiteElo "2225"]
[BlackElo "2240"]
[EventDate "1983.03.??"]
[PlyCount "59"]

1.e4 c6 2.d4 d5 3.Nc3 dxe4 4.Nxe4 Bf5 5.Ng3 Bg6 6.h4 h6 7.Nf3 Nd7 8.h5 Bh7
9.Bd3 Bxd3 10.Qxd3 Ngf6 11.Bf4 Qa5+ 12.c3 e6 13.a4 Be7 14.b4 Qd8 15.O-O 
O-O 16.Rab1 Nb6 17.a5 Nbd5 18.Bd2 Bd6 19.Ne5 Nxb4 20.Qe2 Nbd5 21.Rxb7 Qxa5
22.Nxc6 Qa2 23.c4 Qa6 24.Na5 Bxg3 25.fxg3 Rac8 26.Rf2 Nb6 27.Rxf6 gxf6 28.
Bxh6 Kh7 29.Qg4 Kxh6 30.Rxf7 1-0

[Event "candidates qf (w)"]
[Site "Bad Kissingen GER"]
[Date "1983.04.??"]
[Round "1.4"]
[White "Semenova, Lidia"]
[Black "Muresan, Margareta"]
[Result "1-0"]
[WhiteElo "2225"]
[BlackElo "2240"]
[EventDate "1983.03.??"]
[PlyCount "79"]

1.e4 c5 2.Nf3 d6 3.d4 Nf6 4.Nc3 cxd4 5.Nxd4 e6 6.Be2 a6 7.a4 b6 8.O-O Bb7 
9.Bd3 Nbd7 10.Qe2 Be7 11.Kh1 Qc7 12.f4 O-O 13.Be3 Rfe8 14.Rae1 Bf8 15.Bc1 
Nc5 16.Qf3 d5 17.e5 Nfe4 18.Bxe4 Nxe4 19.Nxe4 dxe4 20.Qf2 Rac8 21.c3 Bd5 
22.Be3 g6 23.Rg1 Qb7 24.Nc2 b5 25.axb5 axb5 26.Bd4 b4 27.Ne3 h5 28.g4 hxg4
29.Rxg4 bxc3 30.bxc3 Rc4 31.h4 Bc5 32.h5 Kg7 33.Bxc5 Rxc5 34.f5 Rh8 35.
fxg6 Rxh5+ 36.Kg1 Kf8 37.Rf1 Rc7 38.Qf6 Rd7 39.gxf7 Rxf7 40.Qd8# 1-0

[Event "candidates qf (w)"]
[Site "Bad Kissingen GER"]
[Date "1983.04.??"]
[Round "1.6"]
[White "Semenova, Lidia"]
[Black "Muresan, Margareta"]
[Result "1/2-1/2"]
[WhiteElo "2225"]
[BlackElo "2240"]
[EventDate "1983.03.??"]
[PlyCount "63"]

1.e4 c6 2.d4 d5 3.Nc3 dxe4 4.Nxe4 Nd7 5.Bc4 Ngf6 6.Ng5 e6 7.Qe2 Nb6 8.Bd3 
h6 9.N5f3 c5 10.dxc5 Bxc5 11.Ne5 Nbd7 12.Ngf3 Nxe5 13.Nxe5 O-O 14.O-O b6 
15.Rd1 Qe7 16.Qf3 Bb7 17.Qg3 Kh8 18.Re1 Rad8 19.Qh3 Ng8 20.Ng4 f5 21.Ne5 
Qf6 22.Qh5 Ne7 23.h4 Be4 24.Bf4 Nd5 25.Ng6+ Kg8 26.Be5 Qf7 27.Be2 Rfe8 28.
Bb5 Rf8 29.Be2 Rfe8 30.Bb5 Rf8 31.Be2 Rfe8 32.Bb5 1/2-1/2

[Event "candidates qf (w)"]
[Site "Bad Kissingen GER"]
[Date "1983.04.??"]
[Round "1.8"]
[White "Semenova, Lidia"]
[Black "Muresan, Margareta"]
[Result "0-1"]
[WhiteElo "2225"]
[BlackElo "2240"]
[EventDate "1983.03.??"]
[PlyCount "94"]

1.e4 c6 2.d4 d5 3.Nc3 dxe4 4.Nxe4 Nd7 5.Ng5 Ngf6 6.Bd3 h6 7.Ne6 Qb6 8.Nxf8
Nxf8 9.Nf3 Bg4 10.c3 N8d7 11.O-O O-O 12.h3 Bxf3 13.Qxf3 Rfe8 14.Qg3 Kf8 
15.Re1 Rad8 16.Bc2 Nd5 17.b3 N7f6 18.a3 Qa5 19.Bb2 c5 20.b4 cxb4 21.axb4 
Qb6 22.Ba4 Nd7 23.Qf3 N5f6 24.d5 Rc8 25.Re2 Qd6 26.Bb3 a6 27.Bc1 Ne5 28.
Qg3 Ng6 29.Qxd6 exd6 30.Rxe8+ Kxe8 31.Bb2 Ne5 32.b5 axb5 33.Ra5 Nc4 34.
Bxc4 bxc4 35.Ba3 Kd7 36.Bb4 b6 37.Rb5 Kc7 38.f3 Re8 39.Ba3 Ra8 40.Bb4 Ra2 
41.Kh2 Rd2 42.Ba3 Nxd5 43.Rb1 Kc6 44.Kg3 b5 45.Ra1 f5 46.Bc1 f4+ 47.Kh2 
Rd1 0-1

[Event "candidates qf (w)"]
[Site "Bad Kissingen GER"]
[Date "1983.04.??"]
[Round "1.10"]
[White "Semenova, Lidia"]
[Black "Muresan, Margareta"]
[Result "1/2-1/2"]
[WhiteElo "2225"]
[BlackElo "2240"]
[EventDate "1983.03.??"]
[PlyCount "118"]

1.e4 c5 2.Nf3 d6 3.d4 Nf6 4.Nc3 cxd4 5.Nxd4 a6 6.Bc4 e6 7.a4 Be7 8.O-O O-O
9.Be3 b6 10.f4 Qc7 11.Qe2 Bb7 12.f5 d5 13.exd5 exd5 14.Ba2 Re8 15.Qf3 Bc5 
16.Nce2 Qe5 17.Bf2 Ne4 18.Rad1 Nd7 19.c3 Nxf2 20.Rxf2 Nf6 21.Nc1 Bd6 22.g3
Qe4 23.Nd3 Ng4 24.Re2 Qxf3 25.Rxe8+ Rxe8 26.Nxf3 Kf8 27.Nd4 Re3 28.Nf2 Ne5
29.Kf1 Nd7 30.Ng4 Re4 31.Nf2 Re8 32.Nf3 Nf6 33.Nd4 h6 34.Kg2 Bc5 35.Kf3 
Bc8 36.g4 Bb7 37.h4 Ne4 38.Nd3 Be7 39.Rh1 Nc5 40.Nf4 Rd8 41.a5 bxa5 42.g5 
hxg5 43.hxg5 Bxg5 44.b4 axb4 45.cxb4 Bxf4 46.bxc5 Be5 47.c6 Bxd4 48.cxb7 
Ba7 49.Rh8+ Ke7 50.Rxd8 Kxd8 51.Bxd5 Ke7 52.Ke4 Kf6 53.Kd3 Kxf5 54.Bxf7 g5
55.Kc4 g4 56.Bd5 Ke5 57.Bg2 Kd6 58.Kb4 Kc7 59.Ka5 Bb8 1/2-1/2

[Event "candidates qf (w)"]
[Site "Velden AUT"]
[Date "1983.03.??"]
[Round "1.1"]
[White "Ioseliani, Nana"]
[Black "Liu Shilan"]
[Result "1/2-1/2"]
[WhiteElo "2295"]
[BlackElo "2205"]
[EventDate "1983.03.??"]
[PlyCount "80"]

1.e4 e5 2.Nf3 Nc6 3.Bb5 a6 4.Ba4 b5 5.Bb3 Nf6 6.O-O Be7 7.Re1 d6 8.c3 O-O 
9.h3 Na5 10.Bc2 c5 11.d4 Qc7 12.d5 Nc4 13.a4 Bd7 14.b3 Na5 15.b4 Nc4 16.
Nbd2 cxb4 17.cxb4 Rfc8 18.Bb3 Qb7 19.a5 g6 20.Qe2 Nxd2 21.Bxd2 Nh5 22.g4 
Ng7 23.Nh2 Rc7 24.Rac1 Rac8 25.Rxc7 Rxc7 26.Rc1 Rxc1+ 27.Bxc1 Qc8 28.Qc2 
f5 29.f4 Qxc2 30.Bxc2 exf4 31.Bxf4 fxe4 32.Bxe4 Ne8 33.Nf3 Nf6 34.Nd2 Bc8 
35.Bf3 Bb7 36.Ne4 Ne8 37.Nc3 Bf6 38.Ne4 Be7 39.Nc3 Bf6 40.Ne4 Be7 1/2-1/2

[Event "candidates qf (w)"]
[Site "Velden AUT"]
[Date "1983.03.??"]
[Round "1.2"]
[White "Liu Shilan"]
[Black "Ioseliani, Nana"]
[Result "0-1"]
[WhiteElo "2205"]
[BlackElo "2295"]
[EventDate "1983.03.??"]
[PlyCount "68"]

1.e4 c5 2.Nf3 d6 3.d4 cxd4 4.Nxd4 Nf6 5.Nc3 a6 6.Be2 e5 7.Nb3 Be7 8.Bg5 
Nbd7 9.a4 b6 10.Nd5 Bb7 11.Nxe7 Qxe7 12.Nd2 h6 13.Bxf6 Nxf6 14.f3 d5 15.
O-O dxe4 16.fxe4 Nxe4 17.Nxe4 Bxe4 18.Rf2 O-O 19.Bc4 Bg6 20.Qg4 Kh7 21.
Raf1 f5 22.Qe2 e4 23.Bxa6 Qe5 24.g3 Qxb2 25.Bb5 Rad8 26.h4 Qc3 27.h5 Be8 
28.g4 Bxb5 29.axb5 e3 30.Rxf5 Rxf5 31.gxf5 Rd2 32.Qg4 Qe5 33.Qf4 Qxf4 34.
Rxf4 Rd1+ 0-1

[Event "candidates qf (w)"]
[Site "Velden AUT"]
[Date "1983.03.??"]
[Round "1.4"]
[White "Liu Shilan"]
[Black "Ioseliani, Nana"]
[Result "0-1"]
[WhiteElo "2205"]
[BlackElo "2295"]
[EventDate "1983.03.??"]
[PlyCount "98"]

1.e4 c5 2.Nf3 d6 3.d4 cxd4 4.Nxd4 Nf6 5.Nc3 a6 6.Be2 e5 7.Nb3 Be7 8.O-O 
O-O 9.Be3 Re8 10.Qd2 Qc7 11.a4 b6 12.Rfd1 Bf8 13.f3 Be6 14.Nd5 Bxd5 15.
exd5 Nbd7 16.a5 b5 17.Nc1 Rac8 18.c3 Qb7 19.b3 g6 20.Na2 Nc5 21.Rab1 e4 
22.f4 Qd7 23.h3 Nd3 24.Bxd3 exd3 25.Qxd3 Nxd5 26.Bc1 Qa7+ 27.Kh2 Ne3 28.
Bxe3 Rxe3 29.Qd4 Qxd4 30.Rxd4 Re2 31.Nb4 Rxc3 32.Nxa6 Ra2 33.b4 Bh6 34.Kh1
Rcc2 35.Rg1 Rc6 36.Nb8 Rc4 37.Rxc4 bxc4 38.g3 Bg7 39.Rc1 c3 40.Nc6 c2 41.
Kg2 Bc3 42.a6 Bd2 43.Na5 Bxc1 44.a7 Be3 45.a8=Q+ Kg7 46.Qd5 Rb2 47.Qxd6 
c1=Q+ 48.Kf3 Qh1+ 49.Kg4 Qe4 0-1

[Event "candidates qf (w)"]
[Site "Velden AUT"]
[Date "1983.03.??"]
[Round "1.6"]
[White "Liu Shilan"]
[Black "Ioseliani, Nana"]
[Result "1/2-1/2"]
[WhiteElo "2205"]
[BlackElo "2295"]
[EventDate "1983.03.??"]
[PlyCount "70"]

1.e4 c5 2.Nf3 d6 3.d4 cxd4 4.Nxd4 Nf6 5.Nc3 a6 6.Bg5 e6 7.Qd3 Be7 8.Be2 h6
9.Bh4 Nbd7 10.O-O-O Qc7 11.f4 b5 12.Bxf6 gxf6 13.Bh5 Nc5 14.Qe3 b4 15.Nce2
Bd7 16.Kb1 a5 17.Rhf1 Rh7 18.Rd2 O-O-O 19.Rc1 Kb8 20.f5 e5 21.Nb3 Bc6 22.
Bf3 Qa7 23.Ng3 h5 24.Nxc5 Qxc5 25.Qxc5 dxc5 26.Rxd8+ Bxd8 27.h4 c4 28.Rh1 
Rh6 29.Bxh5 Bb6 30.Rf1 Be3 31.Bxf7 Rxh4 32.Bxc4 Bxe4 33.Nxe4 Rxe4 34.Re1 
Rh4 35.a3 Bc5 1/2-1/2

[Event "candidates qf (w)"]
[Site "Velden AUT"]
[Date "1983.04.??"]
[Round "1.7"]
[White "Ioseliani, Nana"]
[Black "Liu Shilan"]
[Result "1-0"]
[WhiteElo "2295"]
[BlackElo "2205"]
[EventDate "1983.03.??"]
[PlyCount "75"]

1.c4 e5 2.a3 Nf6 3.d3 c6 4.Nf3 g6 5.Nc3 d6 6.g3 Bg7 7.Bg2 O-O 8.O-O Qe7 9.
e4 h6 10.d4 Bg4 11.d5 c5 12.Be3 Na6 13.Qd2 Kh7 14.Ne1 Bd7 15.h3 Rab8 16.b4
cxb4 17.axb4 Nxb4 18.Rxa7 Rfc8 19.Na4 Na6 20.Nb6 Rc7 21.Nd3 Be8 22.Rc1 Qd8
23.f4 exf4 24.gxf4 Ng8 25.e5 Bf8 26.Qf2 Re7 27.exd6 Rxe3 28.Qxe3 Bxd6 29.
Qf2 Nf6 30.f5 Nh5 31.c5 Bg3 32.fxg6+ fxg6 33.Qe3 Bb5 34.Rf1 Bxd3 35.Qxd3 
Nxc5 36.Rf7+ Ng7 37.Qxg3 Qxb6 38.Qc7 1-0

[Event "candidates qf (w)"]
[Site "Velden AUT"]
[Date "1983.04.??"]
[Round "1.9"]
[White "Ioseliani, Nana"]
[Black "Liu Shilan"]
[Result "1-0"]
[WhiteElo "2295"]
[BlackElo "2205"]
[EventDate "1983.03.??"]
[PlyCount "45"]

1.d4 Nf6 2.c4 e6 3.Nc3 Bb4 4.Bd2 b6 5.f3 Nc6 6.a3 Be7 7.e3 O-O 8.Bd3 d5 9.
cxd5 exd5 10.Nge2 Nh5 11.Qc2 g6 12.Nxd5 Qxd5 13.Be4 Qg5 14.f4 Qh4+ 15.g3 
Nxd4 16.Nxd4 Nxg3 17.hxg3 Qxg3+ 18.Kd1 Bg4+ 19.Kc1 Rae8 20.Kb1 Bf6 21.Ka2 
Rxe4 22.Qxe4 Qf2 23.Be1 1-0